LIBRARY & INFORMATION CENTRE, KCAET, TAVANUR

ONLINE PUBLIC ACCESS CATALOGUE (OPAC)

Ecology / (Record no. 225)

MARC details
000 -LEADER
fixed length control field 00464cam a2200193ua 4500
041 ## - LANGUAGE CODE
Language code of text/sound track or separate title eng
082 ## - DEWEY DECIMAL CLASSIFICATION NUMBER
Classification number 581.5
Item number ODU/EC
100 ## - MAIN ENTRY--AUTHOR NAME
Personal name Odum, Eugene P.
245 ## - TITLE STATEMENT
Title Ecology /
250 ## - EDITION STATEMENT
Edition statement 2 /
260 ## - PUBLICATION, DISTRIBUTION, ETC. (IMPRINT)
Place of publication New Delhi :
Name of publisher Oxford & IBH Publishing company ,
Year of publication 1963.
300 ## - PHYSICAL DESCRIPTION
Number of Pages 244 ; .
650 ## - SUBJECT ADDED ENTRY--TOPICAL TERM
Topical Term Ecology
942 ## - ADDED ENTRY ELEMENTS (KOHA)
Koha item type Books
Holdings
Withdrawn status Lost status Damaged status Home library Current library Date acquired Full call number Accession Number Koha item type
      KAUAET KAUAET 07/04/2012 581.5 ODU/EC 20053 Books
free website counter